00341pam a2200145 a 4500020001500000041000800015082001600023100001500039245004900054250001500103260001900118300001100137500000800148653003900156 cpaper bakc aeng a005.13bOUS aOUSTERHOUT aTCL. ANDS THE TLC TOOLKIThTextual Documents a31-12-1998 bADDISON WESLEY axx/458 a606 aINFORMATION SYSTEM SECURITY (B.E.)